Prawdziwi ludzie – nagła śmierć #1 - Statystyki

Ogólne statystyki
  • Ten quiz został rozwiązany 9 965 razy
    1 721 od ostatniego zresetowania
  • Średni wynik to 8 z 20
Answers on the Grid
Answers color-coded by a green-red scale on the quiz's grid according to % correct below.
Ezop
Anna Karenina
Baba Jaga
Kleopatra
Konfucjusz
Dorota Gale
Dr. Frankenstein
Ebenezer Scrooge
Budda Siakjamuni
Czyngis-chan
Hannibal ( z Kartaginy)
Helena Keller
Hercule Poirot
Hipokrates
Ichabod Crane
Imhotep
Indiana Jones
James Bond
Jay Gatsby
Jezus
Zawisza Czarny
Król Artur
Lawrence z Arabii
Mahatma Gandhi
Nefertiti
Nikola Tesla
Norman Bates
Nostradamus
Odyseusz
Piotruś Pan
Pocahontas
Rip Van Winkle
Robin Hood
Rocky Balboa
Ronald McDonald
Rosa Parks
Harald III Surowy
Tomek Sawyer
Wergiliusz
Willy Wonka
 
Statystyki odpowiedzi
Odpowiedź % Poprawnych
Kleopatra
71%
Konfucjusz
64%
Czyngis-chan
56%
Jezus
53%
Hipokrates
52%
Zawisza Czarny
51%
Hannibal ( z Kartaginy)
50%
Nikola Tesla
50%
Mahatma Gandhi
45%
Budda Siakjamuni
39%
Ezop
38%
Nostradamus
32%
Nefertiti
31%
Wergiliusz
24%
Imhotep
23%
Harald III Surowy
18%
Lawrence z Arabii
18%
Rosa Parks
17%
Helena Keller
15%
Pocahontas
14%
Nie znaleziono quizów pasujących do podanych kryteriów
Rozkład punktacji
Procent ludzi z każdym wynikiem
Percentyl według liczby udzielonych odpowiedzi
Twoja historia wyników
Nie rozwiązałeś tego quizu od ostatniego zresetowania